000 00310nam a22001217a 4500
008 180424b xxu||||| |||| 00| 0 eng d
041 _aeng
080 _a043.3
100 _a0
101 _aINI-BTH
245 _aSkelet në objektin banesor B+P+7 në lagjen Arbëria, Prishtinë
_cKrasniqi,K
942 _2udc
_cBK
999 _c45438
_d45438